000 00438nam a22001817a 4500
003 MPLRDC
005 20220104144247.0
008 210129b ||||| |||| 00| 0 eng d
082 _a870.8 MJMZ v.28
100 _a玛丽. 史都华著; 张琰译
245 _a九辆马车
_c
250 _a初版
260 _a
_b好时年出版社
_c1980
300 _b
490 _a名家名著;28
650 _a
942 _cBK
_o870.8 MJMZ v.28
999 _c47908
_d47898